L'Escenografía catalana /
Descripción Física:
350 p. : molt il·lustrades ; 32 cm
MARC
| LEADER | 00000nam a2200000Ia 4500 | ||
|---|---|---|---|
| 001 | 2307 | ||
| 008 | 160829s1986 xx 000 0 cat d | ||
| 080 | |a B-1-9 | ||
| 100 | 1 | |a Bravo, Isidre, |d 1940-2011 |9 28797 | |
| 245 | |a L'Escenografía catalana / |c Isidre Bravo ; pròleg, Antoni Dalmau i Ribalta ; disseny gràfic, Salvador Saura, Ramon Torrente | ||
| 260 | |a Barcelona : |b Diputació de Barcelona, |c 1986 | ||
| 300 | |a 350 p. : |b molt il·lustrades ; |c 32 cm | ||
| 650 | |a Teatres |x Escenografia i decoracions |x Catalunya |9 19692 | ||
| 700 | |a Dalmau i Ribalta, Antoni, |d 1951-2022 |e autor del pròleg |9 25991 | ||
| 700 | |a Saura, Salvador |9 19694 | ||
| 700 | |a Torrente, Ramon |9 35051 | ||
| 710 | 1 | |a Barcelona (Catalunya : Província). |b Diputació |9 52408 | |
| 901 | |a Arxiu | ||
| 942 | |n 1 |2 udc | ||
| 952 | |0 0 |1 0 |4 0 |6 B19 |7 1 |9 41307 |a Arxiu |b Arxiu |d 2016-12-01 |l 0 |o B-1-9 |p 2307 |r 2016-12-01 00:00:00 |w 2016-12-01 |y ARXIU | ||
| 999 | |c 43090 |d 43090 | ||